Score 0/20 Timer 02:00
0 Plays Today
Clue 3-Letter Word % Correct
Not goodBAD
96.7%
It gets swung in baseballBAT
94.8%
Sleeping locationBED
92%
Relative of a sackBAG
89.6%
A small amountBIT
87.7%
An unopened flowerBUD
87.4%
Ceramic coffee holder with a handleMUG
85.8%
1988 Tom Hanks young-again comedyBIG
85.8%
Relative of cool or hipRAD
83%
DroopSAG
81.8%
Clue 3-Letter Word % Correct
2012 comedy with Mark Walhberg and a talking bearTED
80.7%
2010 action movie starring Bruce Willis and Helen MirrenRED
79.8%
2006 Ashley Judd and Michael Shannon movieBUG
76.9%
2012 movie with Matthew McConaughey & Reese WitherspoonMUD
75.6%
2011 animated movie about a Brazilian birdRIO
75.1%
Speedwagon precederREO
74.8%
'Pearl Harbor' director MichaelBAY
69.5%
2004 biopic starring Jamie FoxxRAY
65.8%
2004 horror film with Cary Elwes and Danny GloverSAW
51.7%
1987 Eddie Murphy stand-up filmRAW
48%

Today's Daily Dose

Missing Word
I Hardly Know Her!

Word Ladder
Sentence Ending

Quick Pick
Female Firsts

Get the Picture
Triathlon Sports

Remove Ads.
Support Sporcle.
Get the best of Sporcle when you Go Orange. This ad-free experience offers more features, more stats, and more fun while also helping to support Sporcle. Thank you for becoming a member.

You're not logged in!

Compare scores with friends on all Sporcle quizzes.
OR
Log In

Show Comments

Extras

Top Quizzes Today


Score Distribution

Your Account Isn't Verified!

In order to create a playlist on Sporcle, you need to verify the email address you used during registration. Go to your Sporcle Settings to finish the process.

Report this User

Report this user for behavior that violates our Community Guidelines.

Details: